Language Quiz

Random Language or Letter Quiz

1-10 Letter C Words Quiz Stats

Quiz Updated Mar 24, 2015

Challenge
Share
Tweet
Embed
Score 0/10 Timer 02:00
450 Plays Today
Clue C-Word % Correct
The Roman numeral for 100C
100%
Abbreviation for one-hundredth of 39.37 inchescm
90%
The animal of the Cancer zodiac signcrab
82.5%
Ernesto Guevara, the revolutionaryChe
76.9%
The collarboneclavicle
76.7%
A mixture of spices often used in Indian cookingcurry
74.2%
A bionic humancyborg
61.9%
A night club with entertainment or a musical that took place in oneCabaret
60.4%
A horn of plentycornucopia
60%
A progressive degenerative liver diseasecirrhosis
45.7%

You're not logged in!

Compare scores with friends on all Sporcle quizzes.
Sign Up with Email
OR
Log In

You Might Also Like...

Show Comments

Extras

Top Quizzes Today


Score Distribution

Your Account Isn't Verified!

In order to create a playlist on Sporcle, you need to verify the email address you used during registration. Go to your Sporcle Settings to finish the process.